000
00442nam a22001337a 4500
020
_a
0706997603
082
_a
331
100
_a
M V Pylee and A Simon George
245
_a
Industrial relations and personnel management
260
_a
New Delhi
_b
Vikas publishing house
_c
1995
300
_a
197p
942
_c
BK
999
_c
3408
_d
3408